000 00966nmm a2200289 a 4500
001 ocm0002347756
003 TR-IsHL
005 20201028190233.0
008 191223s2019 tu tur
007 cr cn
020 _a9786052813706
035 _a2347756
_b(N$T)
050 0 4 _aPL248.D455
_bG3 2019
090 0 4 _aPL248.D455
_bG3 2019
100 1 _aDemirci, Mehmet Sabri
245 1 0 _aGariban: (İkiz Ruhum)
_h[electronic resource] /
_cMehmet Sabri Demirci ; yayına hazırlayan Bengü Başdoğan Demirci
250 _a1. Baskı
260 _aİstanbul :
_bBaşlık Yayınları,
_c2019
300 _a160 p.
650 4 _aDil ve Edebiyat
650 4 _aLanguage and Literature
650 0 _aTürk romanı
650 0 _aTurkish fiction
650 7 _aLITERARY COLLECTIONS / Middle Eastern
_2bisacsh
700 1 _aDemirci, Bengü Başdoğan
856 4 0 _uhttp://search.ebscohost.com/login.aspx?direct=true&scope=site&db=e011xww&AN=2347756
999 _c21827
_d21827